00699nas a2200229 4500001001300000003000900013005001700022007000300039008003400042040005400076041000900130072000800139100002500147100001700172100002300189100002300212245005800235650002900293650002100322650001300343773011300356BR2014004110BR-BrBNA20231205124216.0ta230509b bl.|||p| |||| 00| 00por d aBR-BrBNAbporcBiblioteca Nacional de Agricultura a(Pt) aH501 aPenteado, M.I. de O.1 aFontes, R.R.1 aCampos, F.A. de A.1 aEuclides Filho, K.1 aA trajetória do planejamento da pesquisa na EMBRAPA aPLANEJAMENTO DE PESQUISA aCADEIA PRODUTIVA aGESTÃO0 tCadernos de Ciência e Tecnologia (Brazil)xISSN 0104-1096g(Jan-Apr 2014), v. 31(1) p. 35-60wBR2014004110